Social, economic and political contribution of caste associations in Northern India: (Record no. 18201)

MARC details
000 -LEADER
fixed length control field 01183nam a2200277 a 4500
005 - DATE AND TIME OF LATEST TRANSACTION
control field 20020626165708.0
008 - FIXED-LENGTH DATA ELEMENTS--GENERAL INFORMATION
fixed length control field 000825s2001 nyu | b 00| 1 eng
010 ## - LCCN (DPL NO)
LC control number ENG-91581
020 ## - INTERNATIONAL STANDARD BOOK NUMBER
International Standard Book Number 9788124114124
Terms of availability 295.00
035 ## - SYSTEM CONTROL NUMBER
System control number EN-75114
037 ## - SOURCE OF ACQUISITION
Source of stock number/acquisition DBAD / PUB
040 ## - CATALOGING SOURCE
Original cataloging agency dpl
Language of cataloging English
082 ## - DEWEY DECIMAL CLASSIFICATION NUMBER
Classification number 305.512209541
100 ## - MAIN ENTRY--PERSONAL NAME
Personal name Sharma, Brij Kishore
245 ## - TITLE STATEMENT
Title Social, economic and political contribution of caste associations in Northern India:
Statement of responsibility, etc by Brij Kishore Sharma
Remainder of title (a case study of All India Jat Mahasabha) /
260 ## - PUBLICATION, DISTRIBUTION, ETC. (IMPRINT)
Place of publication, distribution, etc New Delhi
Name of publisher, distributor, etc Har-Anand Publications
Date of publication, distribution, etc 2008
270 ## - ADDRESS
Address E-49/3, Okhla Industrial Area, Phase-II,
City New Delhi
Postal code 110020
300 ## - PHYSICAL DESCRIPTION
Extent 148p.
Dimensions 22cm (Hb)
500 ## - GENERAL NOTE
General note Includes bibliographical references and index
610 ## - SUBJECT ADDED ENTRY--CORPORATE NAME
Corporate name or jurisdiction name as entry element All India Jat Mahasabha
650 ## - SUBJECT ADDED ENTRY--TOPICAL TERM
Topical term or geographic name as entry element Jats
Geographic subdivision India
General subdivision Societies, etc
Form subdivision Sources.
651 ## - SUBJECT ADDED ENTRY--GEOGRAPHIC NAME
Geographic name India
General subdivision Politics and Government
Chronological subdivision 1919-1947
942 ## - ADDED ENTRY ELEMENTS (KOHA)
Source of classification or shelving scheme Dewey Decimal Classification
Item type English Books
Call number suffix SHA
Classification part 305.512209541
Holdings
Withdrawn status Lost status Source of classification or shelving scheme Damaged status Not for loan Collection code Home library Current library Date acquired Source of acquisition Cost, normal purchase price Total Checkouts Full call number Barcode Date last seen Copy number Cost, replacement price Koha item type
    Dewey Decimal Classification   Not For Loan Non-fiction D.B.Act.Division D.B.Act.Division 07/11/2008 DBAD / PUB 295.00   305.512209541 SHA EN-75114 07/11/2008 1 295.00 English Books

© Delhi Public Library
Hit Counter
free hit counter